000 00632nam a22001457a 4500
020 _a978-81-310-1274-1
082 _a823
_bSWI/G
100 _aSWIFT, JONATHAN
245 _aGULLIVER'S TRAVELS
260 _aDELHI
_bMANOJ PUBLICATIONS
_c2011
300 _a143
520 _aGulliver's Travels is an adventure story (in reality, a misadventure story) involving several voyages of Lemuel Gulliver, a ship's surgeon, who, because of a series of mishaps en route to recognized ports, ends up, instead, on several unknown islands living with people and animals of unusual sizes, behaviors, and ...
650 _aNOVEL
_zINDIA
942 _cBK
999 _c3985
_d3985